[Event "Toronto NAYCC U10 Girls"]
[Site "Toronto"]
[Date "2013.08.15"]
[Round "2"]
[White "Zhao, Chenyi"]
[Black "Bhanji, Zaynah"]
[Result "1-0"]
[WhiteElo "1539"]
[BlackElo "200"]
[PlyCount "35"]
[EventDate "2013.08.14"]
[EventType "swiss"]
[EventRounds "9"]
[EventCountry "CAN"]
[SourceTitle "EXT 2022"]
[Source "ChessBase"]
[SourceDate "2021.10.06"]
[SourceVersion "1"]
[SourceVersionDate "2021.10.06"]
[SourceQuality "1"]

1. e4 e5 2. Nf3 Nc6 3. Bc4 Bc5 4. c3 Nf6 5. d4 exd4 6. cxd4 Bb4+ 7. Nc3 Bxc3+ 8. bxc3 0-0 9. e5 Qe8 10. 0-0 Nh5 11. Ng5 d6 12. Qxh5 h6 13. Nxf7 Be6 14. Bxe6 Qxe6 15. Nxh6+ gxh6 16. Bxh6 Rf5 17. Qg4+ Kh7 18. Qg7# 1-0